MPK Włocławek linia 13 - Statystyki

Ogólne statystyki
  • Ten quiz został rozwiązany 34 razy
  • Średni wynik to 14 z 26
Statystyki odpowiedzi
Lp Przystanek Uwagi % Poprawnych
7 Plac Wolności .
82%
3 Budowlanych .
79%
1 Promienna (pętla) .
79%
20 Dębowa (pętla) .
68%
4 Polskie Przetwory .
61%
8 Św Antoniego .
61%
6 Wojska Polskiego .
61%
9 Wronia-Wiadukt .
61%
12 Zbiegniewskiej .
61%
2 Dworzec Zazamcze .
57%
24 Kruszyn Wariantowo
57%
11 Dziewińska .
54%
5 Kujawska Szkoła Wyższa/KSW .
54%
25 Kruszynek Wariantowo
50%
10 Mazowiecka .
50%
26 Świętosław (pętla) Wariantowo
50%
13 Falbanka .
46%
23 Murzynowo Wariantowo
43%
16 Szkolna .
43%
19 Zachodnia .
43%
15 Mielęcińska .
39%
18 Pocztowa .
39%
14 Smocza .
39%
22 Nowa Wieś Diamentowa Wariantowo
36%
17 Wiewiórcza .
36%
21 Nowa Wieś Instal Projekt Wariantowo
32%
Nie znaleziono quizów pasujących do podanych kryteriów
Rozkład punktacji
Procent ludzi z każdym wynikiem
Percentyl według liczby udzielonych odpowiedzi
Twoja historia wyników
Nie rozwiązałeś tego quizu